| 000 | 01636nam a2200397 c 4500 | ||
|---|---|---|---|
| 003 | BLK | ||
| 005 | 20180420215229.0 | ||
| 008 | 180413b bul|||||r ||||||| ||bul|| | ||
| 010 | _aKNG00019031000 | ||
| 020 |
_a954-419-061-9 _bиздат.: Отечество |
||
| 040 | _aBLK | ||
| 041 |
_aBUL _cBUL |
||
| 080 |
_aСоциално поведение. Социална психология _b316.6 _x(497.2) _z316.6(497.2) |
||
| 080 |
_aОбществен живот. Народен бит _b394 _x(497.2) _z394(497.2) |
||
| 080 |
_aПсихология на расата. Народопсихология _b159.922.4 _x(=867) _z159.922.4(=867) |
||
| 100 | 1 |
_aХаджийски, Иван Минков _eпърви автор _9254887 |
|
| 139 |
_aХаджийски, Иван Минков _bХ 15 |
||
| 245 | 1 | 0 |
_aОптимистична теория за нашия народ _cИван Минков Хаджийски. |
| 250 | _a2. изд. | ||
| 257 | _aBGR | ||
| 260 |
_аСофия _bОтечество _c1997 |
||
| 300 |
_a399 с. _bс портр. _c20 см |
||
| 380 | _a3 | ||
| 490 | 1 | _aЖива проза | |
| 500 | _a1. изд. 1966 на изд. Бълг. писател ; 1 000 тир. | ||
| 650 | 4 |
_aБългари - народопсихология и бит _9254888 |
|
| 650 | 4 |
_aБългари - социална психология _9254889 |
|
| 653 | _aбългари | ||
| 653 | _aнародопсихология | ||
| 653 | _aсоциална психология | ||
| 852 | _aЦб 194227 | ||
| 856 | 4 |
_qpdf _u |
|
| 856 | 4 |
_qpdf _u |
|
| 942 |
_cKNG _n0 |
||
| 944 |
_aCR _c15.01.2003 _kКети_Илиева |
||
| 944 |
_aED _c01.02.2006 _k |
||
| 999 |
_c17112 _d17112 |
||